zpět

Detail výsledku týmu

Pekelná Husa, Klatovy

Datum a čas kvízu

31.5 Celkem bodů Celkový počet nahraných bodů na tomto kvízu bez doplňovacích otázek.
3. Pořadí na kvízu Konečné umístění týmu na tomto kvízu.

Zaznamenané odpovědi

# Otázka Odpověď Body Výsledky
1. Jak se jmenuje 61letý lékař a... Petr Kott 0
2. Jeden z nejslavnějších stromů... javor 1
3. Který 32letý britský zpěvák a... Ed Sheeran 0
4. Kolik procent hlasů získal vít... 23 % 1
5. Minulý týden byli odtajněni dv... Bob a Bobek 1
6. Jak se jmenuje vysokohorské je... Titicaca 1
7. Ve které evropské zemi můžeme... v Itálii 1
8. Balchašské jezero, které leží... B 1
9. Téma o jezerech se samozřejmě... Hořejší jezero 0
10. Černé a Čertovo jezero na Šuma... o Severní a Černé moře 0.5